| 000 -LEADER |
| fixed length control field |
00479pab a2200169 454500 |
| 008 - FIXED-LENGTH DATA ELEMENTS--GENERAL INFORMATION |
| fixed length control field |
180718b2002 xxu||||| |||| 00| 0 eng d |
| 100 ## - MAIN ENTRY--PERSONAL NAME |
| Personal name |
Arora, Subhash C. |
| 245 ## - TITLE STATEMENT |
| Title |
Woman contestants - a study of Rohtak Municipal Council Elections, April 2000 |
| 260 ## - PUBLICATION, DISTRIBUTION, ETC. |
| Date of publication, distribution, etc. |
2002 |
| 300 ## - PHYSICAL DESCRIPTION |
| Extent |
p.29-36. |
| 362 ## - DATES OF PUBLICATION AND/OR SEQUENTIAL DESIGNATION |
| Dates of publication and/or sequential designation |
Apr-Jun |
| 650 ## - SUBJECT ADDED ENTRY--TOPICAL TERM |
| Topical term or geographic name entry element |
Women in politics - India - Haryana |
| 650 ## - SUBJECT ADDED ENTRY--TOPICAL TERM |
| Topical term or geographic name entry element |
Women in politics |
| 700 ## - ADDED ENTRY--PERSONAL NAME |
| Personal name |
Prabhakar, R.K. |
| 773 ## - HOST ITEM ENTRY |
| Main entry heading |
Human settlements |
| 909 ## - |
| -- |
56976 |